007860000a2200085000450024500270000030000570002750003670008452002000045177300490065110aUn modelo pragmático aVol.0, núm.3 (Octubre-diciembre, 2004) Página 14 aInformación tomada de la ponencia "Puntos claves de la formación técnica y tecnológica : Experiencia en Francia y en varios paises", ofrecida por Didier Maillet, Director de Desarrollo de Grandes Proyectos, de la Socieda Francesa de Exportación de Recursos Educativos, Sfere, durante el Seminario Internacional de Educación Técnica y Tecnológica. aLa educación técnica y tecnológica francesa se caracteriza por la flexibilidad en los programas y la autonomía de las instituciones. El modelo se adapta a más de 40 países del mundo.0 tEducación superior : Boletín informativo